| 000 | 00556nam a2200181 i 4500 | ||
|---|---|---|---|
| 001 | 157561 | ||
| 003 | ES-MaACL | ||
| 005 | 20250717063039.0 | ||
| 008 | 981202s1848 fr |||| | fre d | ||
| 100 | 1 |
_aLeroux, Pierre, _d1797-1871 _9128894 |
|
| 245 | 1 | 0 |
_aDe l'égalité / _cpar Pierre Leroux. |
| 260 |
_a[S.l. : _bs.n.], _c1848 ( _eBoussac : _fImp. de Pierre Leroux) |
||
| 300 |
_a272 p. ; _c20 cm. |
||
| 650 | 0 | 4 |
_aIgualdad. _913579 |
| 752 |
_aFrancia - _dParís |
||
| 852 |
_aES-MaACL _jG-12552(1) _z- Enc. hol. |
||
| 999 |
_c157561 _d157561 |
||